Normal view
MARC view
Entry Topical Term
001 - CONTROL NUMBER
- control field: 35743
003 - CONTROL NUMBER IDENTIFIER
- control field: dpl
005 - DATE AND TIME OF LATEST TRANSACTION
- control field: 20111104165420.0
008 - FIXED-LENGTH DATA ELEMENTS
- fixed length control field: 111104|||a|||||| | ||| d
040 ## - CATALOGING SOURCE
- Original cataloging agency: dpl
- Transcribing agency: dpl
150 ## - HEADING--TOPICAL TERM
- Topical term or geographic name as entry element: Electronic data processing personnel |x Certification.
670 ## - SOURCE DATA FOUND
- Source citation: Work cat.: (dpl): 35738, MCTS self-paced training kit (exam 70-640) :, 2012
670 ## - SOURCE DATA FOUND
- Source citation: Work cat.: (dpl): 35738, MCTS self-paced training kit (exam 70-640) :, 2012
